00726nam a2200169 a 450000100100000000500170001000800410002704000250006808200140009310000390010724500850014626000580023130000200028995201120030995201180042199900170053900002850720250401135254.0110408s1984 dr 000 0 spa d aDO-SdBNPbspacBNPHU axxxbJ96a1 aJusto Duarte, Amaury,d1942-9857510aAcerca del trotskismo y el carácter de la revolución /cAmaury Justo Duarte. aSanto Domingo :bEditora Universitaria - UASD,c1984. a27 p. ;c21 cm. 0010718PDaPDbPDcHDd2011-04-08iLF1l0oxxx J96ap28507-10r2020-06-25w2020-06-25yLFPDZNo se presta 0010718PDaPDbPDcHDd2015-04-17iLF1l0oxxx J96ap28507-20r2020-06-25te. 2w2020-06-25yLFPDZNo se presta c27999d27999